Professional liability (Record no. 27495)
[ view plain ]
| 000 -LEADER | |
|---|---|
| fixed length control field | 00993cab a2200217 4500 |
| 001 - CONTROL NUMBER | |
| control field | ABS43686 |
| 008 - FIXED-LENGTH DATA ELEMENTS--GENERAL INFORMATION | |
| fixed length control field | 090401t1990 xxu||||| |||| 00| 0 eng d |
| 035 ## - SYSTEM CONTROL NUMBER | |
| System control number | (Sirsi) u42996 |
| 041 ## - LANGUAGE CODE | |
| Language code of text/sound track or separate title | eng |
| 100 ## - MAIN ENTRY--PERSONAL NAME | |
| Personal name | Bishop, D. |
| 245 ## - TITLE STATEMENT | |
| Title | Professional liability |
| 260 ## - PUBLICATION, DISTRIBUTION, ETC. | |
| Date of publication, distribution, etc. | 1990 |
| 350 ## - PRICE (NR) (BK AM CF MU VM SE) [OBSOLETE] | |
| Price | 0 |
| 490 ## - SERIES STATEMENT | |
| Series statement | Structural Engineer |
| Volume/sequential designation | 68 (21) 6 November 1990, 425-431(7) |
| 520 ## - SUMMARY, ETC. | |
| Summary, etc. | These three papers look at the question of professional liability and professional indemnity insurance. Bishop`s paper looks at the question of insurance in the aftermath of BUILD and Mathurin`s report with the emphasis on harmonisation throughout EC states, whilst Waller analyses relationship between client and professional adviser. Griffith advises professionals on the steps to take to avoid claims Tables show potential structural claims grouped by project , defect and cause. |
| 690 ## - LOCAL SUBJECT ADDED ENTRY--TOPICAL TERM (OCLC, RLIN) | |
| Topical term or geographic name as entry element | Insurance |
| 9 (RLIN) | 6249 |
| 700 ## - ADDED ENTRY--PERSONAL NAME | |
| Personal name | Waller, J.A. |
| 700 ## - ADDED ENTRY--PERSONAL NAME | |
| Personal name | Griffiths, M. |
| 942 ## - ADDED ENTRY ELEMENTS (KOHA) | |
| Suppress in OPAC | 0 |
| 948 ## - LOCAL PROCESSING INFORMATION (OCLC); SERIES PART DESIGNATOR (RLIN) | |
| c (OCLC) | 04/03/1997 |
| Withdrawn status | Lost status | Source of classification or shelving scheme | Damaged status | Not for loan | Home library | Current library | Shelving location | Date acquired | Total Checkouts | Full call number | Barcode | Date last seen | Copy number | Price effective from | Koha item type |
|---|---|---|---|---|---|---|---|---|---|---|---|---|---|---|---|
| Dewey Decimal Classification | London | London | Journal article | 14/09/1999 | ABS43686 | 42996-1001 | 06/08/2019 | 1 | 06/08/2019 | Journal article |